000 00709cam a2200217 i 4500
001 38278
005 20230404130051.0
008 070515b1998 cu a 000 0 spa
010 _a00346380
040 _aDLC
_cDLC
_dOCLCQ
_dDRFGD
041 _aspa
050 1 4 _a107 N 6603
_bS175 1998
111 2 _aSalon de Arte Cubano Contemporáneo
245 0 3 _aII Salón de arte cubano contemporaneo
246 1 4 _aCatálogo, II Salón de Arte Cubano Contemporaneo
260 _aHabana, Cuba :
_bCentro de Desarrollo de las Artes Visuales ,
_c1998.
300 _a173 p. :
_bill.
650 0 _aArt, Cuban
_y20th century
_vExhibitions
710 2 _aCentro de Desarrollo de las Artes Visuales (Cuba)
942 _2lcc
_cbk
999 _c10302
_d10302